000 00349nam a2200145Ia 4500
008 230312s9999||||xx |||||||||||||| ||und||
020 _a1292077182
082 _a005.73
_bCAR-D
100 _aSilverston,Len
245 4 _aThe data model resource book
260 _bPearson
_aBoston
_c2016
300 _a930
650 _aComputer
_vData
942 _cBK
999 _c16277
_d16277